00214pam a2200097 a 4500020000500000041000500005082000800010100002300018245004400041260003100085 c h bCHA aChakraborthy, A.M. aFactory OrganisationhTextual Documents aNew YorkbMcgraw Hill Fggg